Estructura del lenguaje poético
Spremljeno u:
| Glavni autor: | |
|---|---|
| Format: | Knjiga |
| Jezik: | Undetermined |
| Izdano: |
Madrid, España
Gredos
1970
|
| Teme: | |
| Oznake: |
Dodaj oznaku
Bez oznaka, Budi prvi tko označuje ovaj zapis!
|
MARC
| LEADER | 00000nam a2200000Ia 4500 | ||
|---|---|---|---|
| 008 | 170316s9999 xx 000 0 und d | ||
| 090 | |a 801 C-23e | ||
| 100 | |a Cohen, Jean | ||
| 245 | |a Estructura del lenguaje poético | ||
| 260 | |a Madrid, España | ||
| 260 | |b Gredos | ||
| 260 | |c 1970 | ||
| 300 | |a 226 páginas | ||
| 650 | |a TEORÍA LITERARIA | ||
| 650 | |a LINGÜÍSTICA ESTRUCTURAL | ||
| 650 | |a ANÁLISIS LITERARIO-POESÍA | ||
| 650 | |a NIVEL SEMÁNTICO | ||
| 650 | |a NIVEL FONICO | ||
| 650 | |a FUNCIÓN POÉTICA | ||
| 999 | |c 20176 |d 20176 | ||
| 040 | |a cru BVZT | ||
| 942 | |c 15 D |h 801 C-23e |2 z | ||
